000 01290nam a2200337 a 4500
001 000112057
003 CHAP
005 20220329144244.0
008 151201s2015 mx a |sm |||||||spa d
010 _a108518
011 _a109490
040 _cCHAP
090 _aTesis
100 1 _aCipriano Magaña, Martha Laura
_9130130
245 1 0 _aIdentificación morfológica y molecular de la cenicilla del tabaco (Nicotiana tabacum L.) en la región de los Tuxtlas, Veracruz, México.
_h[En línea]
_cpor Martha Laura Cipriano Magaña.
260 _aChapingo, Méx. :
_bEl autor,
_c2015.
500 _aPara ver el contenido del material haga clic en la liga
502 _aTesis (Ing. Agr. Esp. en Parasitología Agrícola) -- UACH. Departamento Prasitología Agrícola
590 _aBATCH
_b00
_c20181121
_lUCH01
_h0759
590 _aE5652GLJ
_b05
_c20151201
_lUCH01
_h1035
590 _aE5652GLJ
_b05
_c20151201
_lUCH01
_h1036
650 1 4 _aHongos
_xFisiología y morfología.
_956101
650 1 4 _aHongos
_xIdentificación.
_956105
650 1 4 _aTabaco
_xEnfermedades por hongos.
_9130151
650 1 4 _aTabaco
_xVeracruz.
_9111250
856 _a1
_n0001622
856 _aFinding aid
_uhttp://10.13.5.2/tesis/sist112057.pdf
_zTeclea aquí
901 _aBK
942 _cTESIS
942 _n0
999 _c108518
_d108518